00481nam a2200121Ia 4500020001800000082002000018245006800038260004800106300000900154650005800163650007000221710006800291 a92-1-100350-4 aRR 005.025 DIR; 0aDirectory of applications software of the United Nations system aNew YorkbUnited Nations Publicationsc1990 a80p. aApplication software - Directories - United Nations - aApplication software - Databases - Directories - United Nations - aAdvisory Committee for the Co-ordination of Information Systems